书目信息 |
| 题名: |
崇高的位置
|
|
| 作者: | 孙正聿, 著 | |
| 分册: | ||
| 出版信息: | 长春 吉林人民出版社 2020.9 |
|
| 页数: | 280页 | |
| 开本: | 23cm | |
| 丛书名: | 孙正聿哲学文集 | |
| 单 册: | ||
| 中图分类: | B0 , B26 | |
| 科图分类: | ||
| 主题词: | 哲学理论--研究--中国--现代 | |
| 电子资源: | ||
| ISBN: | 978-7-206-05192-0 | |
| 000 | 00946nam 2200301 45 | |
| 001 | 012001001113 | |
| 005 | 20140820143655.0 | |
| 010 | @a978-7-206-05192-0@dCNY46.00 | |
| 099 | @aCAL 012007026457 | |
| 100 | @a20070201d2007 ek y0chiy0110 ea | |
| 101 | 0 | @achi |
| 102 | @aCN@b220000 | |
| 105 | @ay a 000yy | |
| 106 | @ar | |
| 200 | 1 | @a崇高的位置@Achong gao de wei zhi@f孙正聿著 |
| 210 | @a长春@c吉林人民出版社@d2020.9 | |
| 215 | @a280页@d23cm | |
| 225 | 2 | @a孙正聿哲学文集@Asun zheng yu zhe xue wen ji |
| 320 | @a有书目 | |
| 330 | @a本书分为: 当代哲学主题: 寻找“意义”与重建“崇高”; 哲学的历史与逻辑: 崇高的追求与异化的崇高; 崇高在当代中国哲学中的位置等。 | |
| 410 | 0 | @12001 @a孙正聿哲学文集 |
| 461 | 0 | @12001 @a孙正聿哲学文集 |
| 606 | 0 | @a哲学理论@x研究@y中国@z现代 |
| 690 | @aB0@v5 | |
| 690 | @aB26@v5 | |
| 701 | 0 | @a孙正聿,@ASun Zhengyu@f1946-@4著 |
| 801 | @aCN@bAHXH@c20210922 | |
| 905 | @b1251055-9@dB0@e336@f5 | |
| 崇高的位置/孙正聿著.-长春:吉林人民出版社,2020.9 |
| 280页;23cm.-(孙正聿哲学文集) |
| ISBN 978-7-206-05192-0:CNY46.00 |
| 本书分为: 当代哲学主题: 寻找“意义”与重建“崇高”; 哲学的历史与逻辑: 崇高的追求与异化的崇高; 崇高在当代中国哲学中的位置等。 |
| ● |
| 相关链接 |
|
|
|
|
正题名:崇高的位置
索取号:B0/336
 
预约/预借
| 序号 | 登录号 | 条形码 | 馆藏地/架位号 | 状态 | 备注 |
| 1 | 1251055 | 212510558 | 第一样本阅览室/ [索取号:B0/336] | 在馆 | |
| 2 | 1251056 | 212510567 | 教育系资料室/ [索取号:B0/336] | 在馆 | |
| 3 | 1251057 | 212510576 | 教育系资料室/ [索取号:B0/336] | 在馆 | |
| 4 | 1251058 | 212510585 | 第一借阅区/ [索取号:B0/336] | 在馆 | |
| 5 | 1251059 | 212510594 | 第一借阅区/ [索取号:B0/336] | 在馆 |